| 000 | 00459nam a22001577a 4500 | ||
|---|---|---|---|
| 999 |
_c15708 _d15708 |
||
| 003 | OSt | ||
| 082 |
_a631.587 _bHAS/S |
||
| 088 | _aP 441 | ||
| 100 |
_aHasna Ameena P O _94215 |
||
| 100 |
_aJesny M J _94216 |
||
| 100 |
_aRohit Yadav _94217 |
||
| 245 | _aStudies on the effect of saline water intrusion in Tavanur- Ponnani area | ||
| 260 |
_aTavanur _bDepartment of Irrigation and Drainage engineering _c2019 |
||
| 700 |
_aSasikala D (Guide) _93225 |
||
| 942 | _cPR | ||